00810nam a2200265Ia 450000100060000000300090000600800410001504000130005604000130006904100130008210000110009510000290010624500320013524500320016725000110019926000100021026000170022026000490023730000570028650000470034365000350039065000310042570000340045670000540049091077IT-RoPAU130308s9999 xx 000 0 und d aIT-RoPAU cIT-RoPAU aFRANCESE aAA.VV. gCodice Aut. SPICS: 12000 aAudience et les medias (L') bAudience et Les Medias (L') a1a ed. aPARIS bOrganisation c1989 [1° Ed.:1989 - Ed.Ling.Originale:1989] a"256 p. (prefazione: no ; testo: 256 [pagine: 0-0])" aAudience e Media contributi di Autori Vari aSAGGI DI COMUNICAZIONE SOCIALE eCodice materia Spics: 3807 aSantini GillesSantier Evelyne gCodice Aut. SPICS: 31962Codice Aut. SPICS: 31963